000 00714nam a2200289Ia 4500
005 20260324121632.0
008 008 260324s9999 xx 000 0 eng d
020 _a9781315556338
037 _aEBOOK
040 _aCRL
040 _beng
040 _cCRL
041 _2eng
041 _aeng
084 _qCRL
100 _aSemahagn Gashu Abebe
_91163280
245 4 _aThe Last Post-Cold War Socialist Federation
245 0 _bEthnicity, Ideology and Democracy in Ethiopia
260 _bTaylor and Francis
260 _c2014
365 _a
365 _b240
856 _uhttp://www.taylorfrancis.com/books/9781315556338
942 _cEBOOK
999 _c1755515
_d1755515